| 000 | 00992nam a2200277 i 4500 | ||
|---|---|---|---|
| 003 | DO-SdBNP | ||
| 005 | 20230913141921.0 | ||
| 007 | ta | ||
| 008 | 110413s1978 xxu 000 j spa d | ||
| 040 |
_aDO-SdBNP _bspa _cBNPHU _erda |
||
| 082 |
_bS452r _222 |
||
| 245 | 0 | 0 |
_aReglas para la ordenación alfabética de los catálogos : _bde la American Library Association / _ceditora Pauline A. Seely ; traducción Beatriz E. Tavano |
| 250 | _a2a. edición abreviada | ||
| 264 | 1 |
_aWashington, D. C. Estados Unidos : _bOrganización de los Estados Americanos, _c1978. |
|
| 300 |
_a87 páginas _c27 cm. |
||
| 336 |
_2rdacontent _atexto _btxt |
||
| 337 |
_2rdamedia _asin mediación _bn |
||
| 338 |
_2rdacarrier _avolumen _bnc |
||
| 490 | 1 |
_aManuales del bibliotecario _v8 |
|
| 504 | _aBibliografía p: 89 | ||
| 590 | _aInventariado, 2023/ YL | ||
| 700 | 1 |
_aSeely, Pauline A. _eeditora _984128 |
|
| 700 | 1 |
_aTavano, Beatriz E. _etraducción _984129 |
|
| 910 | _aYLockward | ||
| 942 |
_2ddc _cLBS1 |
||
| 999 |
_c54736 _d54736 |
||